Catalans i americans : 500 anys de relacions / realització: Montserrat Guasch Solé, Mireia Mayolas Créixams 500 anys de relacions / realització:
Descripción Física:
43 p. : il. ; 27 cm
Otros Autores:
Mayolas Créixams, Mireia
MARC
| LEADER | 00000nam a2200000Ia 4500 | ||
|---|---|---|---|
| 001 | 13082 | ||
| 008 | 160829s199 - ?] xx 000 0 cat d | ||
| 080 | |a FU-22-25 | ||
| 100 | |a Guasch Solé, Montserrat |9 37577 | ||
| 245 | |a Catalans i americans : |b 500 anys de relacions / realització: |b Montserrat Guasch Solé, Mireia Mayolas Créixams | ||
| 260 | |a [Barcelona : |b Museu Marítim, Drassanes de Barcelona, |c 199 - ?] | ||
| 300 | |a 43 p. : |b il. ; |c 27 cm | ||
| 590 | |a Bibliografia | ||
| 650 | |a Catalunya |x Comerç |x Amèrica |9 36879 | ||
| 650 | |a Amèrica |x Comerç |x Catalunya |9 36880 | ||
| 700 | |a Mayolas Créixams, Mireia |9 36881 | ||
| 710 | 1 | |a Museu Marítim (Barcelona, Catalunya). |b Departament d'Educació |9 54413 | |
| 901 | |a Arxiu | ||
| 942 | |n 1 | ||
| 952 | |0 0 |1 0 |4 0 |6 FU2225 |7 1 |9 47552 |a Arxiu |b Arxiu |d 2016-12-01 |l 0 |o FU-22-25 |p 13082 |r 2016-12-01 00:00:00 |w 2016-12-01 |y ARXIU | ||
| 999 | |c 51351 |d 51351 | ||